000 00740njm a22002537a 4500
001 5756557
003 OSt
005 20170622100027.0
007 sdubumennmplue
008 950524s1985 xx uun eng
010 _a 95781593
020 _a0553275569
035 _a(OCoLC)32529144
040 _aDLC
_cDLC
050 0 0 _aTL789.8
_b.W65 1979
100 _4Wolf,Tom
245 0 4 _aThe right stuff
_cTom Wolf
260 _aUSA:
_bBantam books;
_c1979
300 _a368P.
505 0 _aDiscusses the lives, ambitions, thoughts, and feelings of American astronauts before, during, and after their historic flights
650 0 _aAstronautics
906 _a7
_bcbc
_corignew
_d3
_encip
_f19
942 _2lcc
_cBK
999 _c50846
_d50846